01458nmc a2200481 a 4500003000900000005001700009008004100026020001800067040001300085245005600098250001200154260002500166300002600191490004200217504004100259504003300300650003300333650003700366650002300403650002200426650003100448653002200479653002500501653003300526700003100559700002300590700002200613700001900635700001900654700002300673700002000696700002300716700002000739700003300759700002200792700002200814700002200836700002400858700002400882700002200906700001800928800003000946AR-BaBNM20251128204337.0155019s1988 ||||||||||||||000 | spa|| a84-7046-159-1 cAR-BaBNM10aLa educación preescolarbteoría y práctica. 2 a2ª ed. aMadridbCincelc1988 a198 p.bil., gráfs. 0aTemas de educación preescolarvv. 6 aContiene bibliografía en francés aBibliografía en castellano 4aDESARROLLO DE LA CREATIVIDAD 4aEDUCACION DE LA PRIMERA INFANCIA 4aEDUCACION DEL NINO 4aEDUCACION MUSICAL 4aPSICOLOGIA DE LA EDUCACION aEDUCACION INICIAL aJARDINES DE INFANTES aCENTROS DE EDUCACION INICIAL1 aDelaunay, Aliciaedirector1 aAbbadie, Madeleine1 aAndraud, Andrée1 aBandet, Jeanne1 aBeriou, Yvonne1 aCampistron, Simone1 aColly, Andrée1 aGoutard, Madeleine1 aGoutet, Renée1 aHerbiniére Lebert, Suzanne1 aHeyries, Paulette1 aJollivet, Ginette1 aMichelet, andré1 aQuilghini, Jeannine1 aSarazanas, Réjane1 aSchneider, Jeanne1 aVoisin, Maria1 aDelaunay, Aliceedirector